| 000 | 00852nam a2200229 i 4500 | ||
|---|---|---|---|
| 001 | 187121 | ||
| 003 | ES-MaACL | ||
| 005 | 20250728141832.0 | ||
| 008 | 170419s1996 cl |||| |dspa d | ||
| 020 | _a956-7159-94-7 | ||
| 080 | _a821.134.2(83) Valle, Rosamel del 1.07 | ||
| 100 | 1 |
_aUrrutia, María Eugenia. _9162412 |
|
| 245 | 1 | 0 |
_aRosamel del Valle, poeta órfico / _cMaría Eugenia Urrutia. |
| 250 | _a1ª ed. | ||
| 260 |
_aSantiago de Chile : _bRed Internacional del Libro, _c1996. |
||
| 300 |
_a119 ; _c21 cm. |
||
| 504 | _aBibliografía: p. 109-113. | ||
| 505 | 8 |
_aContiene: ; _tCopia de la carta manuscrita de Vicente Huidobro [a Rosamel del Valle] ; _tElla se desprende del sueño ilegal / _rpor Rosamel del Valle |
|
| 600 | 1 | 7 |
_aValle, Rosamel del, _d1901-1963 _2 _9162413 |
| 852 |
_aES-MaACL _jL-31443 |
||
| 999 |
_c187121 _d187121 |
||